Gösta Berling Selma Lagerlőf legújabb regénye /

Elmentve itt :
Bibliográfiai részletek
Szerzők: Kázmér Ernő
Lagerlőf Selma
Dokumentumtípus: Cikk
Megjelent: 1913
Sorozat:Kultura [!Kultúra] : irodalmi, művészeti, kritikai képes havi folyóirat 5 No. 4
Kulcsszavak:Irodalomtudomány
Online Access:http://misc.bibl.u-szeged.hu/1689
LEADER 00668nab a2200181 i 4500
001 misc1689
005 20191106143550.0
008 170607s1913 hu o 0|| hun d
040 |a SZTE Miscellanea Repozitórium  |b hun 
041 |a hun 
100 1 |a Kázmér Ernő 
245 1 0 |a Gösta Berling   |h [elektronikus dokumentum] :  |b Selma Lagerlőf legújabb regénye /  |c  Kázmér Ernő 
260 |c 1913 
300 |a 235-238 
490 0 |a Kultura [!Kultúra] : irodalmi, művészeti, kritikai képes havi folyóirat  |v 5 No. 4 
695 |a Irodalomtudomány 
700 0 1 |a Lagerlőf Selma  |e aut 
856 4 0 |u http://misc.bibl.u-szeged.hu/1689/1/kultura_005_004_235-238.pdf  |z Dokumentum-elérés